Essential Elements of Business Statistics (Record no. 5074)

MARC details
000 -LEADER
fixed length control field 00393nam a2200157 4500
020 ## - INTERNATIONAL STANDARD BOOK NUMBER
ISBN 9781858051048
050 ## - CALL NUMBER
Classification number HA29
100 ## - AUTHOR
Personal name Oakshott, L.A.
245 ## - TITLE
Title Essential Elements of Business Statistics
Statement of responsibility, etc L.A. Oakshott
260 ## - PUBLICATION INFORMATION
Place of publication Great Britain
Name of publisher Les Oakshott
Year of publication 1994
300 ## - DESCRIPTION
Number of Pages 144pp
440 ## - SERIES
SERIES A modular series
500 ## - NOTES
General note includes index
650 ## - SUBJECTS
Topical Term statistics
942 ## - ADDED ENTRY ELEMENTS (KOHA)
Koha item type Books
Holdings
Withdrawn status Lost status Home library Current library Date acquired Full call number Accession Number Koha item type
    Methodist University Library Wenchi Faculty Methodist University Library Wenchi Faculty 30/04/2019 HA29 6277 Books
Copyright © 2026  MUG Library